| Tag |
First Indicator |
Second Indicator |
Subfields |
| LEADER |
00000nam a2200000 i 4500 |
| 001 |
in00005630833 |
| 006 |
m o d |
| 007 |
cr cnu---unuuu |
| 008 |
160901s2016 ctu ob 001 0 eng d |
| 005 |
20250331130537.9 |
| 020 |
|
|
|a 9780300225167
|q (electronic bk.)
|
| 020 |
|
|
|a 0300225164
|q (electronic bk.)
|
| 020 |
|
|
|z 9780300218534
|
| 020 |
|
|
|z 0300218532
|
| 035 |
|
|
|a (NhCcYBP)jstor22573/CTT1F6FXH9
|
| 037 |
|
|
|a 22573/ctt1f6fxh9
|b JSTOR
|
| 040 |
|
|
|a NhCcYBP
|c NhCcYBP
|
| 043 |
|
|
|a fc-----
|a fs-----
|
| 050 |
|
4 |
|a HC945
|b .D42 2016
|
| 072 |
|
7 |
|a POL
|x 038000
|2 bisacsh
|
| 072 |
|
7 |
|a SOC
|x 002010
|2 bisacsh
|
| 072 |
|
7 |
|a SOC
|x 022000
|2 bisacsh
|
| 082 |
0 |
4 |
|a 306.30967
|2 23
|
| 100 |
1 |
|
|a De Luna, Kathryn Michelle,
|e author.
|
| 245 |
1 |
0 |
|a Collecting food, cultivating people :
|b subsistence and society in Central Africa /
|c Kathryn M. de Luna ; foreword by Elizabeth Colson.
|
| 264 |
|
1 |
|a New Haven :
|b Yale University Press,
|c 2016.
|
| 300 |
|
|
|a 1 online resource.
|
| 336 |
|
|
|a text
|b txt
|2 rdacontent
|
| 337 |
|
|
|a computer
|b c
|2 rdamedia
|
| 338 |
|
|
|a online resource
|b cr
|2 rdacarrier
|
| 490 |
1 |
|
|a Yale agrarian studies
|
| 588 |
0 |
|
|a Online resource; title from PDF title page (EBSCO, viewed September 9, 2016).
|
| 504 |
|
|
|a Includes bibliographical references and index.
|
| 505 |
0 |
|
|a Cover; Title; Copyright; Contents; Foreword; Acknowledgments; A Note on Spelling and Reconstructed Forms; Introduction; 1. The Sources and Settings of Botatwe History; 2. Planting Settlements, Forging the Savanna: Subsistence on the Central Frontier, 1000 BCE to 750 CE; 3. Fame in the Kafue: The Politics of Technology, Talent, and Landscape, 750 to 1250; 4. Of Kith and Kin: Bushcraft and Social Incorporation, 950 to 1250; 5. Life on the Central Frontier: The Geographies of Technology, Trade, and Prestige, 750 to 1700; Epilogue; Appendix; Notes; Bibliography; Index; A; B; C; D; E; F; G; H; K; L; M; N; O; P; R; S; T; U; V; W; Z.
|
| 650 |
|
0 |
|a Subsistence economy
|z Africa, Central.
|
| 650 |
|
0 |
|a Subsistence economy
|z Africa, Southern.
|
| 655 |
|
7 |
|a Electronic books.
|2 local
|
| 700 |
1 |
|
|a Colson, Elizabeth,
|d 1917-2016,
|e writer of foreword.
|
| 776 |
1 |
8 |
|i Print version:
|z 0300218532
|z 9780300218534
|
| 830 |
|
0 |
|a Yale agrarian studies.
|
| 856 |
4 |
0 |
|u http://proxy.library.tamu.edu/login?url=https://www.jstor.org/stable/10.2307/j.ctt1f5g5wd
|z Connect to the full text of this electronic book
|t 0
|
| 955 |
|
|
|a JSTOR DDA record
|
| 999 |
f |
f |
|s b790e82c-d5f1-4bc9-9782-2798039cd3e2
|i 999b06ec-d1ff-4f6d-88cb-7a3579c9e950
|t 0
|
| 952 |
f |
f |
|a Texas A&M University
|b College Station
|c Electronic Resources
|d Available Online
|t 0
|e HC945 .D42 2016
|h Library of Congress classification
|
| 998 |
f |
f |
|a HC945 .D42 2016
|t 0
|l Available Online
|